000 00667nam a2200289Ia 4500
005 20260324133532.0
008 008 260324s9999 xx 000 0 eng d
020 _a9781315810898
037 _aEBOOK
040 _aCRL
040 _beng
040 _cCRL
041 _2eng
041 _aeng
084 _qCRL
100 _aJane Ferry
_91193464
245 0 _aFood in Film
245 2 _bA Culinary Performance of Communication
260 _bTaylor and Francis
260 _c2003
365 _a
365 _b230
856 _uhttp://www.taylorfrancis.com/books/9781315810898
942 _cEBOOK
999 _c1792583
_d1792583